Länder, die KEIN "A" enthalten - Statistiken

Allgemein
  • Dieses Quiz wurde 153 mal gespielt
    139 seit der letzten Aktualisierung
  • Das Durchschnittsergebnis liegt bei 33 aus 45
Antwortstatistiken
Antoworten % Korrekt
Belgien
95%
Schweden
95%
Slowenien
93%
Norwegen
92%
Polen
91%
Peru
90%
Schweiz
89%
Serbien
88%
Chile
87%
Luxemburg
87%
Österreich
87%
Liechtenstein
85%
Tschechien
85%
Bolivien
82%
Türkei
82%
Indien
81%
Jemen
81%
Mexiko
81%
Montenegro
80%
Libyen
77%
Kolumbien
76%
Indonesien
75%
Togo
74%
Fidschi
73%
Georgien
73%
Zypern
73%
Syrien
72%
Kosovo
71%
Niger
71%
Tunesien
71%
Belize
70%
Benin
70%
Lesotho
68%
Mongolei
68%
Philippinen
65%
Republik Kongo
63%
Brunei
62%
Dschibuti
61%
Elfenbeinküste
59%
Burundi
58%
Osttimor
57%
Seychellen
56%
Vereinigtes Königreich
54%
Komoren
49%
Niue
5%
Keine übereinstimmenden Quizze gefunden
Verteilung der Resultate
Anzahl Personen mit jedem Resultat
Perzentil nach korrekt beantworteten Fragen
Ihre Resultats-Entwicklung
Sie haben dieses Quiz seit der letzten Aktualisierung nicht gespielt